[Event "5th Vardaris Open 2019"]
[Site "Thessaloniki"]
[Date "2019.03.10"]
[Round "6.3"]
[White "Kanakaris, Georgios"]
[Black "Rahmanidis, Petros"]
[Result "1-0"]
[WhiteElo "2403"]
[BlackElo "2112"]
[Annotator "TA"]
[PlyCount "55"]
[EventDate "2019.02.27"]
[EventType "swiss"]
[EventCountry "GRE"]
[SourceTitle "playchess.com"]
[Source "ChessBase"]
[SourceQuality "1"]

{[%evp 14,55,42,32,40,41,37,45,50,30,36,8,20,6,9,6,10,10,10,6,20,12,31,16,40,25,38,23,35,22,101,95,181,186,224,181,404,401,534,537,505,226,226,229]} 1. d4 Nf6 2. Nf3 g6 3. g3 Bg7 4. Bg2 O-O 5. O-O d6 6. c4 Nc6 7. Nc3 a6 8. b3 Bd7 {E63: King's Indian: Fianchetto: Panno Variation with 7...a6} 9. Bb2 e5 10. dxe5 dxe5 {White is slightly better.} 11. Nd5 Re8 12. Nd2 $146 ({Predecessor:} 12. Nxf6+ Bxf6 13. Nd2 Bg7 14. Ne4 Qc8 15. Nc5 Bh3 16. e3 Bxg2 17. Kxg2 {0-1 (38) Kreisl,R (2404)-Smirin,I (2602) Riga 2018}) 12... Be6 {[%cal Rf6d5]} 13. Nxf6+ Qxf6 14. Bxc6 bxc6 15. Ne4 Qe7 16. Qc1 Bh3 17. Ba3 Qd7 18. Rd1 Qg4 19. f3 Qc8 20. Qg5 {Threatens to win with g4.} h6 21. Nf6+ Kh8 (21... Bxf6 $1 $11 {keeps the balance.} 22. Qxf6 Qe6) 22. Qh4 $36 {[%mdl 2048] White is on the roll.} g5 (22... Bxf6 $16 23. Qxf6+ {[%mdl 64] Double Attack} Kg8) 23. Qh5 $18 Bf5 {[#] Strongly threatening ...Bg6.} 24. Qxf7 Rd8 $2 (24... Qe6 25. Qxe6 Rxe6) 25. Nh5 {[%csl Gh5][%cal Rf7g7]} Rd7 26. Rxd7 Qxd7 27. Qxd7 (27. Be7 $142 {[%csl Gh5][%cal Rf7g7]} Rg8 28. Nxg7 Rxg7 29. Qf6 (29. Qf8+ Kh7 $16) 29... Qxe7 30. Qxf5) 27... Bxd7 28. Rd1 {Accuracy: White = 65%, Black = 25%.} 1-0

[Event "5th Vardaris Open 2019"]
[Site "Thessaloniki"]
[Date "2019.03.10"]
[Round "6.4"]
[White "Betsakos, Konstantinos"]
[Black "Nomin-Erdene, Davaademberel"]
[Result "1-0"]
[WhiteElo "2045"]
[BlackElo "2389"]
[Annotator "TA"]
[PlyCount "153"]
[EventDate "2019.02.27"]
[EventType "swiss"]
[EventCountry "GRE"]
[SourceTitle "playchess.com"]
[Source "ChessBase"]
[SourceQuality "1"]

{[%evp 9,153,48,50,52,56,52,56,33,53,58,71,55,86,103,94,87,94,91,97,80,99,62,124,116,165,136,145,114,219,237,237,186,184,193,163,158,163,199,183,190,194,202,260,252,242,254,296,275,315,0,329,280,227,30,85,100,105,11,172,150,320,300,230,133,133,133,133,133,133,133,133,133,133,133,133,133,133,133,133,76,171,164,171,163,235,225,233,201,456,139,143,139,138,133,201,133,288,92,140,0,283,276,265,260,253,133,322,320,354,344,822,930,995,806,944,916,29971,29972,29972,29967,29962,5602,6552,5505,3226,0,2898,614,2379,2292,29978,29979,29980,29981,29981,29982,29983,29984,29984,29982,29981,29982,29984,29985,29986,29987]} 1. d4 f5 2. Bg5 g6 3. e3 Bg7 4. Nc3 (4. Nf3 Nf6 5. c4 d6 6. Nc3 O-O 7. Be2 c6 8. O-O h6 9. Bh4 Qe8 10. d5 Na6 11. Nd4 Bd7 12. Rc1 Rc8 13. a3 g5 14. Bg3 Nc5 {1-0 (35) Korobov,A (2692)-Lu,S (2627) Doha 2016}) 4... d6 5. Qd2 h6 $146 ({Predecessor:} 5... Nf6 6. O-O-O Nbd7 7. Nf3 a6 8. Bxf6 Nxf6 9. Bc4 b5 10. Bb3 d5 11. Ne5 e6 {0-1 (41) Kalinin,O (2034)-Loos,S (2025) Bayern 2017}) 6. Bh4 {A80: Dutch Defence: Unusual White second moves} Nf6 7. f3 Nc6 8. O-O-O {White is slightly better.} Bd7 9. e4 g5 10. Bg3 f4 11. Bf2 e6 12. h4 Qe7 13. hxg5 hxg5 14. Rxh8+ Bxh8 15. Nge2 {[%cal Bg1e2,Be2d4,Bd4e6][%mdl 32]} Nh5 (15... a6 $14) 16. d5 $16 Nd8 17. dxe6 Nxe6 18. Nd5 Qg7 (18... Qd8 $16) 19. Qb4 $1 $18 {[%cal Rb4b7]} b6 20. Nd4 c5 21. Nxe6 Bxe6 22. Qb3 $1 $36 {[%mdl 2048] White is really pushing.} Kf8 23. Bc4 {Nxb6 is the strong threat.} Re8 24. Be1 {Hoping for Bc3.} Qf7 25. Bc3 Be5 26. Bxe5 dxe5 27. Qa4 Ng3 28. Qc6 $1 {[%cal Rc6d6]} Rd8 29. b3 $2 ({White has to play} 29. Nxb6 $1 $18 Rxd1+ 30. Kxd1 axb6 31. Bxe6) 29... Kg7 $2 {[%mdl 8192]} (29... Qd7 $1 $11 {and Black stays safe.} 30. Qxd7 Rxd7) 30. Rd2 Bxd5 31. exd5 $2 (31. Rxd5 $18 Qe7 32. Rxd8 Qxd8 33. Qb7+ Kh6 34. Qxa7) 31... Qf6 (31... Qd7 $11 {keeps the balance.}) 32. Qc7+ Kf8 33. Kb1 (33. d6 $16 Nf5 34. d7 (34. Qxa7 e4 $16)) 33... e4 $2 (33... Rd6 $1 $11 {and Black is okay.}) 34. d6 (34. Qxa7 e3 $19) 34... exf3 $2 (34... e3 $16 35. Rd5 e2 36. Bxe2 (36. Re5 $2 Rxd6 37. c3 Rd1+ 38. Kb2 e1=Q $19) 36... Nxe2) 35. gxf3 {White wants to mate with Rh2.} Nf5 {[%cal Rf5d6]} 36. Rh2 (36. d7 $18 {aiming for Rd5.} Nd4 37. a4 (37. Qxa7 Nxf3 38. Rd1 Ne5 $14)) 36... Nxd6 $16 {[#]} 37. Rh8+ $1 {[%mdl 512]} Qxh8 38. Qxd8+ Ne8 39. Qxg5 Qf6 40. Qg8+ Ke7 41. Qh7+ Kd8 42. Qxa7 Nc7 43. Qb8+ Kd7 44. Qg8 ({White should try} 44. a4) 44... Qe5 (44... b5 $16) 45. Qh7+ $18 Kc8 46. a4 Qd4 (46... Qd6 $142 47. Bd3 Nd5) 47. Qd3 Qg1+ 48. Kb2 Qg5 $2 {[#]} (48... Qg7+ 49. Ka2 Qf6) 49. Qe4 $2 (49. Qd6 $1 $18 {is the precise move to win.}) 49... Qf6+ $16 50. Ka2 Qd6 51. Qd3 Qf6 (51... Ne8 $16 52. Ba6+ Kd8) 52. Bg8 Kb8 $2 (52... Ne8 $16 {might work better.} 53. Qa6+ Kd7 54. Qb7+ Nc7) 53. Qc4 $2 (53. Bh7 $18) 53... Qd6 54. Qd3 (54. Qe2 $16) 54... Qf6 $1 $18 55. Bh7 Qe7 56. Be4 Kc8 57. Qc4 (57. Bg6 $18) 57... Qf6 $2 {[#]} (57... Qd6 $16 58. Qg8+ Kd7 59. Bf5+ Ke7 60. Qg7+ Kd8 61. Qg5+ Ke8 62. Qg8+ Ke7 63. Qh7+ Kf8 64. Qh8+ Ke7 65. Qg7+ Kd8 66. Qg5+ Ke8) 58. a5 $1 {[%cal Ra5a6][%mdl 512]} bxa5 59. Qxc5 a4 $2 (59... Kd7 60. Bf5+ Kd8) 60. bxa4 Qf7+ 61. Kb2 Qg7+ 62. c3 Qg2+ 63. Kb3 Qg8+ 64. Ka3 Qg7 65. a5 (65. Bf5+ $142 Kb7 66. a5 Qf6 67. Kb3 Qa6 68. Be4+ Kc8 69. Bc6 Kb8 70. c4) 65... Qh6 66. Bc6 Qf6 67. Be4 Qh6 $1 68. Qc6 Qg5 69. Ka4 Kd8 70. a6 {White mates.} Qe5 71. a7 Ke7 72. Kb4 Kf7 73. a8=Q Nxa8 74. Qxa8 Qd6+ 75. Kc4 Kg7 76. Qb7+ Kf8 77. Qb4 {Precision: White = 60%, Black = 37%.} 1-0

[Event "5th Vardaris Open 2019"]
[Site "Thessaloniki"]
[Date "2019.03.10"]
[Round "6.5"]
[White "Delorme, Alban"]
[Black "Sidiropoulos, Nikolaos"]
[Result "1-0"]
[WhiteElo "2305"]
[BlackElo "2112"]
[Annotator "NA RC"]
[PlyCount "79"]
[EventDate "2019.02.27"]
[EventType "swiss"]
[EventCountry "GRE"]
[SourceTitle "playchess.com"]
[Source "ChessBase"]
[SourceQuality "1"]
[TimeControl "6000+30"]

{[%evp 13,74,-18,-16,32767,32767,32767,-54,32767,32767,32767,-36,32767,32767,32767,32767,-42,-41,32767,-47,-61,8,23,0,22,32767,32767,32767,32767,146,32767,32767,188,204,154,153,157,32767,137,155,167,241,191,245,263,219,254,256,264,291,334,288,289,339,392,375,337,379,437,573,552,636,833,1056]} 1. Nf3 {[%emt 0:00:43]} d5 {[%emt 0:00:00]} 2. d4 {[%emt 0:01:06]} Nf6 {[%emt 0:00:00]} 3. g3 {[%emt 0:00:51]} g6 {[%emt 0:00:14]} 4. Bg2 {[%emt 0:00:05]} Bg7 {[%emt 0:00:04]} 5. O-O {[%emt 0:00:05]} O-O {[%emt 0:00:04]} 6. c4 {[%emt 0:00:03]} c6 {[%emt 0:00:05]} 7. Nc3 {[%emt 0:05:40]} dxc4 {[%emt 0:00:22]} 8. Ne5 {[%emt 0:00:07]} Ng4 {[%emt 0:00:34]} 9. f4 {[%emt 0:00:07] D78: Fianchetto Grünfeld: 6 0-0 c6} (9. Nxg4 Bxg4 10. Be3 Qa5 11. Qc1 Rd8 12. Rd1 Na6 13. f3 Be6 14. Bf2 Rd7 15. a3 Rad8 16. e3 c5 17. d5 Bxd5 18. Nxd5 Rxd5 19. Rxd5 Rxd5 20. Qxc4 {½-½ (72) Dzagnidze,N (2535)-Sasikiran,K (2700) Caleta 2012}) 9... Nxe5 {[%emt 0:03:10]} 10. dxe5 {[%emt 0:03:20]} Qxd1 {[%emt 0:16:06]} 11. Rxd1 {[%emt 0:00:10]} Na6 {[%emt 0:09:32]} 12. Be3 {[%emt 0:02:06]} f6 {[%emt 0:02:06]} 13. exf6 {[%emt 0:00:45]} Bxf6 $146 {[%emt 0:02:23]} ({Predecessor:} 13... exf6 14. Rd6 Re8 15. Bf2 Be6 16. Rad1 f5 {0-1 (37) Kopasz,R (2295)-Berebora,F (2428) Hungary 2016}) 14. Bd4 {[%emt 0:00:27]} Be6 {[%emt 0:18:30]} 15. Bxf6 {[%emt 0:01:46]} exf6 {[%emt 0:00:14]} 16. Ne4 {[%emt 0:07:24]} Rad8 {[%emt 0:06:43]} ({Black should play} 16... Rae8 $15) 17. Nxf6+ {[%emt 0:02:09]} Kg7 {[%emt 0:00:32]} 18. Ne4 {[%emt 0:00:30]} h6 {[%emt 0:10:50]} 19. Rd6 {[%emt 0:08:06]} Bd5 {[%emt 0:07:41]} 20. Rd1 {[%emt 0:00:18]} Rde8 {[%emt 0:06:13]} 21. Rd7+ {[%emt 0:02:31]} Kh8 {[%emt 0:02:04]} 22. Nd6 {[%emt 0:04:05]} Nc5 {[%emt 0:01:43]} 23. Nxe8 {[%emt 0:02:01]} ({Don't play} 23. Bxd5 $6 Nxd7) 23... Nxd7 {[%emt 0:00:45]} 24. Bxd5 {[%emt 0:01:05]} cxd5 {[%emt 0:00:31]} 25. Nc7 {[%emt 0:04:35]} Nf6 {[%emt 0:00:22]} 26. Nxd5 {[%emt 0:00:23]} Rd8 {[%emt 0:04:47]} (26... g5 {is a better defense.} 27. Nc3 gxf4) 27. Nc3 {[%emt 0:01:01]} Rxd1+ {[%emt 0:01:37]} 28. Nxd1 {[%emt 0:00:08]} b5 {[%emt 0:01:00]} 29. Kf2 {[%emt 0:00:03]} Kg7 {[%emt 0:00:28]} 30. Kf3 {[%emt 0:01:37]} Kf7 {[%emt 0:00:58]} 31. Nc3 {[%emt 0:05:04]} a6 {[%emt 0:00:15]} 32. a4 {[%emt 0:01:18]} bxa4 {[%emt 0:06:41]} 33. Nxa4 {[%emt 0:00:07]} Nd7 {[%emt 0:03:49]} 34. Ke4 {[%emt 0:02:43]} Ke6 {[%emt 0:00:17]} 35. Kd4 {[%emt 0:00:29]} Kf5 {[%emt 0:00:17]} 36. h3 {[%emt 0:02:12]} Nf6 {[%emt 0:00:33]} 37. Nc5 {[%emt 0:00:33]} g5 $18 {[%emt 0:00:59]} 38. e4+ {[%emt 0:01:03]} Nxe4 {[%emt 0:00:13]} 39. Nxe4 {[%emt 0:00:07]} gxf4 {[%emt 0:00:09]} 40. g4+ {[%emt 0:00:27] Kxe4+ Kxe4} 1-0

[Event "5th Vardaris Open 2019"]
[Site "Thessaloniki"]
[Date "2019.03.10"]
[Round "6.6"]
[White "Petrov, Martin"]
[Black "Semenova, Elena"]
[Result "1-0"]
[WhiteElo "2475"]
[BlackElo "2238"]
[Annotator "TA"]
[PlyCount "61"]
[EventDate "2019.02.27"]
[EventType "swiss"]
[EventCountry "GRE"]
[SourceTitle "playchess.com"]
[Source "ChessBase"]
[SourceQuality "1"]

{[%evp 18,61,19,-6,-10,-17,16,14,14,0,0,0,0,0,0,0,10,0,12,11,12,5,139,143,130,133,134,130,117,41,81,31,272,287,1056,130,3470,3083,29988,29989,29990,29990,29990,29991,29996,29997]} 1. d4 d5 2. Nf3 Nf6 3. e3 e6 4. b3 c5 5. Bb2 Nc6 6. Bd3 Be7 7. O-O O-O 8. Nbd2 b6 9. a3 Bb7 10. Qe2 a5 {D05: Colle System with ...e6} (10... Qc7 11. Rac1 Rac8 12. c4 dxc4 13. bxc4 cxd4 14. exd4 Rfe8 15. Rfe1 Qb8 16. Ne4 Na5 17. Neg5 Qf4 18. Nxe6 fxe6 19. Qxe6+ {0-1 (33) Mamedyarov,S (2808)-Nakamura,H (2769) Paris 2018}) 11. Ne5 Nxe5 12. dxe5 Ne4 {The position is equal.} 13. Nxe4 $146 ({Predecessor:} 13. Bxe4 dxe4 14. Rfd1 Qc7 15. Qg4 Qc6 16. Nc4 Rad8 17. Nd6 Rd7 18. Rd2 {½-½ (52) Teplyi,I (2420)-Stojanovski,S (2248) Allerod 2018}) 13... dxe4 14. Bc4 Qc7 15. a4 Rfd8 16. Bc3 Rac8 17. Qg4 g6 18. h4 h5 19. Qf4 Bf8 (19... Kg7 $11) 20. g4 $1 $16 hxg4 {[#]} 21. h5 $1 g5 ({Reject} 21... gxh5 $6 22. Qg5+ Kh7 23. Qxh5+ Bh6 24. Kg2 $14) 22. Qxg4 Kh7 23. h6 ({White should try} 23. f4 $16 exf3 24. e4) 23... Bxh6 24. Kg2 {Hoping for Rh1.} Rh8 $2 (24... Rg8 $14) 25. Rh1 $18 Rcg8 $2 {[#]} (25... Qe7 26. Rad1 Kg8) 26. Rad1 $2 (26. Bxe6 $1 $18 {[%mdl 512] is the precise move to win. And now Qf5+ would win.} Rg6 (26... fxe6 27. Rxh6+) 27. Bf5 {[%mdl 64] Double Attack}) 26... Kg7 $2 {[%mdl 8192] [#]} (26... Rg6 $16) 27. Bxe6 $1 {[%mdl 512] Qf5 would kill now.} Rd8 (27... fxe6 28. Qxe6) 28. Bd7 {White mates.} Bc6 29. e6+ f6 30. Qf5 Rhf8 {[#]} 31. Rxh6 $1 {[%mdl 576] Clearance. Accuracy: White = 56%, Black = 26%.} 1-0

[Event "5th Vardaris Open 2019"]
[Site "Thessaloniki"]
[Date "2019.03.10"]
[Round "6.7"]
[White "Spyropoulos, Nikolaos"]
[Black "Dorfanis, Ilarion"]
[Result "1-0"]
[WhiteElo "2385"]
[BlackElo "2142"]
[Annotator "TA"]
[PlyCount "93"]
[EventDate "2019.02.27"]
[EventType "swiss"]
[EventCountry "GRE"]
[SourceTitle "playchess.com"]
[Source "ChessBase"]
[SourceQuality "1"]

{[%evp 13,93,0,12,9,30,24,35,34,44,31,41,49,66,64,54,54,77,73,56,83,77,44,86,54,53,45,69,-29,0,-27,0,-18,0,-15,-14,-26,-19,-33,-8,-19,0,-11,21,-62,-26,-133,-133,-127,-125,-121,0,0,0,0,0,-77,53,52,54,5,4,-135,-133,-135,161,114,150,152,148,134,218,222,460,447,621,620,29985,29986,29985,29986,29982,29983]} 1. e4 c5 2. Nf3 d6 3. d4 Nf6 4. Nc3 cxd4 5. Nxd4 a6 6. Be2 e5 7. Nf3 h6 8. Nd2 {B92: Sicilian Najdorf: 6 Be2} Nc6 9. Nc4 Nd4 10. Bd3 $146 {White is slightly better.} ({Predecessor:} 10. a4 Be6 11. a5 Nxe2 12. Qxe2 Bxc4 13. Qxc4 Rc8 14. Qd3 Qc7 15. O-O Be7 {1-0 (41) Donchenko,A (2604)-Limanovska,E (2071) Stockholm 2018}) 10... Bg4 11. f3 Be6 12. Ne3 Be7 13. O-O O-O 14. Ncd5 Nxd5 15. exd5 Bd7 16. c3 Nb5 {[%cal Bd4b5,Bb5a7,Ba7c8,Bc8e7,Be7g6,Bg6f4][%mdl 32]} 17. Nc4 Bg5 18. a4 Na7 19. a5 {Hoping for Bxg5.} Nc8 20. Ne3 (20. f4 $14 exf4 21. Qf3 (21. Bxf4 Bxf4 22. Rxf4 b5 $14)) 20... Ne7 21. c4 Rc8 22. Qe2 f5 23. Ra3 {[%cal Ba1a3,Ba3b3,Bb3b6][%mdl 32]} Ng6 24. Bb1 Qc7 25. Rb3 Nf4 26. Qe1 Ng6 27. Rb6 Rb8 28. b3 (28. b4 $11) 28... Ne7 $1 $15 29. b4 (29. Ba3 $11 Rf6 30. g3 Bxe3+ 31. Qxe3) 29... Nc8 $17 {aiming for ...f4.} 30. c5 Nxb6 31. axb6 Qc8 (31... Qd8 $17 {Threatens to win with ...Rc8.} 32. Nc4 Bb5 33. Nxd6 Bxf1 34. Qxf1 g6) 32. Nc4 $1 $11 {Bxg5 is the strong threat.} dxc5 33. Nd6 $1 Qd8 34. bxc5 (34. Bxg5 $11 Qxg5 35. bxc5) 34... Bb5 (34... Be7 $17 {And now ...Bxd6 would win.} 35. Qxe5 Rf6) 35. Nxb5 $14 Bxc1 36. Nd6 Bb2 $1 {[%cal Rb2d4]} 37. Qb4 (37. Kh1 $11) 37... Bd4+ $17 38. Kh1 Qf6 $2 {[%mdl 8192]} (38... g6 $17 {keeps the pressure on. White must now prevent ...Rf6.} 39. Qc4 Qf6 40. Nxb7 Rxb7) 39. Bxf5 g6 40. Be6+ {[%mdl 1024] White has strong compensation.} Kg7 41. Rd1 Qf4 (41... a5 $16 42. Qxa5 Ra8) 42. Ne4 $18 Qe3 $2 (42... Rbe8 43. Nd6 Rb8) 43. c6 {White threatens Qe7+ and mate.} Rbe8 44. c7 Rxf3 45. c8=Q {[%mdl 64] [#] Overworked Piece. White mates.} Rxc8 46. Qe7+ {[%mdl 64] Double Attack} (46. Bxc8 Qxe4 47. Be6 {[#]} (47. Bxb7 $2 Rf2 $19) 47... Qf4 $1 $15 {[%mdl 512]}) 46... Kh8 47. Nf6 {Accuracy: White = 40%, Black = 33%.} ({Not} 47. Bxc8 Qxe4 48. Qe8+ (48. Qxb7 {is a self mate.} Qd3 49. Qg7+ Kxg7 50. h4 Qxd1+ 51. Kh2 Qg1#) (48. Bxb7 $2 Qe2 $19) 48... Kg7 $11) 1-0

[Event "5th Vardaris Open 2019"]
[Site "Thessaloniki"]
[Date "2019.03.10"]
[Round "6.8"]
[White "Nikolaou, Spiridon"]
[Black "Kesidis, Odyseas"]
[Result "1-0"]
[WhiteElo "2235"]
[BlackElo "2254"]
[Annotator "TA"]
[PlyCount "99"]
[EventDate "2019.02.27"]
[EventType "swiss"]
[EventCountry "GRE"]
[SourceTitle "playchess.com"]
[Source "ChessBase"]
[SourceQuality "1"]

{[%evp 22,99,38,38,50,48,29,13,22,24,52,0,0,0,0,0,42,0,0,-88,0,0,0,0,-12,-13,0,-113,-36,-36,-53,-149,-150,-152,-154,-149,-137,-126,-119,-103,-100,-89,-109,-96,-44,-46,-9,-9,-9,-9,-14,-22,88,0,49,43,217,124,514,509,650,635,633,625,595,556,735,808,1468,1640,1759,1656,2068,1398,29969,29971,29972,5129,5129,5122]} 1. d4 Nf6 2. c4 e6 3. Nf3 Bb4+ 4. Nbd2 b6 5. a3 Bxd2+ 6. Qxd2 Bb7 7. e3 O-O 8. Be2 d6 9. b4 Nbd7 10. Bb2 Ne4 11. Qc2 f5 12. O-O Rf6 {E14: Queen's Indian: Classical Variation (4 e3)} 13. d5 Rh6 $1 14. Rad1 c5 {The position is equal.} 15. g3 Qe7 (15... exd5 16. cxd5 Qe7 17. bxc5 bxc5 18. a4 Rf8 19. a5 Kh8 20. Ne1 {½-½ (51) Anton Guijarro,D (2650)-Moiseenko,A (2657) Doha 2016}) 16. Ne1 (16. Nh4 $1 $14) 16... Rc8 $146 ({Predecessor:} 16... Ng5 17. Ng2 Rf8 18. h4 Ne4 19. Bf3 exd5 20. cxd5 {½-½ (51) Londyn,R (2340)-Dolezal,R (2361) Czechia 2015}) 17. b5 Rf8 18. Ng2 Ng5 19. f4 Ne4 20. g4 (20. Nh4 $11) 20... Rh3 ({Black should try} 20... exd5 $17 {And now ...fxg4 would win.} 21. cxd5 fxg4 22. Bxg4 Ndf6 23. Be6+ Kh8) 21. Rf3 $1 $11 {[%cal Rf3h3]} Rxf3 22. Bxf3 exd5 23. cxd5 Ndf6 24. Nh4 (24. Bxf6 $11 {remains equal.} Nxf6 25. Qxf5) 24... fxg4 (24... Nxg4 $17 25. Nxf5 Rxf5 26. Bxg4 Rxd5 27. Rxd5 Bxd5) 25. Nf5 $15 Qe8 {[#]} 26. Bxe4 (26. Nxg7 $1 $15 {[%mdl 512]} Qg6 (26... Kxg7 27. Bxe4) 27. Bg2) 26... Qxe4 $17 ({Much worse is} 26... Nxe4 27. Nxg7 Qg6 28. f5 $11) 27. Qxe4 Nxe4 28. Nxg7 c4 29. Ne6 c3 30. Nxf8 {Black must now prevent Bxc3.} cxb2 31. Rb1 {Threatens to win with Nd7.} Kxf8 32. Rxb2 {[%mdl 4096] Endgame} Ke7 (32... h5 $17) 33. Rb4 $1 $15 {[%cal Rb4e4]} Bxd5 {...Nc5 is the strong threat.} 34. Ra4 $1 Nc3 35. Rxa7+ Ke6 36. a4 Bc4 (36... h5 $11) 37. Kf2 (37. Rc7 $16 Kd5 38. a5 Nxb5 39. Rxc4 $1 {[%mdl 512]} bxa5 40. Ra4) 37... h5 38. Kg3 Kd5 $2 (38... Nd5 $1 $14) 39. a5 (39. Kh4 $18) 39... bxa5 $2 {[%mdl 8192] [#]} (39... Nxb5 $16 {is tougher.} 40. axb6 Kc6) 40. b6 $1 $18 {[%cal Rb6b7]} Kc6 41. Rc7+ Kxb6 42. Rxc4 {KR-KN} Nd5 43. e4 Nf6 44. e5 dxe5 45. fxe5 Nd5 46. e6 Kb5 47. Re4 Nf6 48. Rf4 Ne8 49. Rf8 Nd6 50. e7 {Accuracy: White = 64%, Black = 26%.} 1-0

[Event "5th Vardaris Open 2019"]
[Site "Thessaloniki"]
[Date "2019.03.10"]
[Round "6.9"]
[White "Yordanov, Lachezar"]
[Black "Tilicheev, Viacheslav"]
[Result "1/2-1/2"]
[WhiteElo "2308"]
[BlackElo "2540"]
[Annotator "TA"]
[PlyCount "94"]
[EventDate "2019.02.27"]
[EventType "swiss"]
[EventCountry "GRE"]
[SourceTitle "playchess.com"]
[Source "ChessBase"]
[SourceQuality "1"]

{[%evp 11,94,46,65,30,46,27,24,20,33,22,46,36,46,0,13,24,49,45,42,39,87,79,70,68,78,75,98,84,82,95,93,16,67,80,50,81,60,75,73,52,126,100,133,71,72,77,76,68,90,34,38,70,80,12,31,0,0,0,0,0,0,0,0,0,0,0,0,0,0,0,0,0,0,0,0,0,0,0,0,0,0,0,0,0,0]} 1. d4 Nf6 2. c4 c5 3. d5 e6 4. Nc3 exd5 5. cxd5 d6 6. Nf3 g6 7. e3 {A61: Modern Benoni: Nf3 without early e4} Bg7 8. Be2 O-O 9. O-O {White has an edge.} Re8 10. Nd2 Nbd7 (10... Na6 11. e4 Rb8 12. a4 Nb4 13. f3 {1-0 (36) Grischuk,A (2766)-Vachier Lagrave,M (2789) Paris 2018}) 11. a4 a6 12. Nc4 Ne5 13. Na3 Bg4 $146 ({Predecessor:} 13... Qc7 14. f4 Neg4 15. Nc4 h5 {½-½ (31) Matsuura,E (2462)-Umetsubo,C (2408) Sao Sebastiao do Paraiso 2017}) 14. f3 Bd7 15. e4 b5 16. axb5 axb5 17. Bxb5 Bxb5 18. Ncxb5 Qb6 19. Be3 Ra5 20. Qe2 Ra4 21. Qc2 (21. Nc3 $16 Rb4 22. Bc1) 21... Rb4 (21... Ra5 $11) 22. Nxd6 $1 $14 {[%mdl 64] [#] Remove Defender, Decoy} Qxd6 23. Bxc5 {[%mdl 64] Double Attack} Qb8 24. Bxb4 Qxb4 25. Kh1 g5 ({Black should try} 25... h5 $14) 26. Rad1 Bf8 27. Qd2 (27. Qc1 $142) 27... Qxd2 $16 28. Rxd2 Rb8 29. Rc2 g4 30. Nc4 (30. Nb1 $16) 30... Nxc4 $14 31. Rxc4 Rxb2 32. Rc6 ({Better is} 32. f4 $16) 32... Kg7 33. Kg1 Nd7 {The position is equal.} 34. f4 Nf6 35. Rc4 {Threatens to win with d6!} Rb4 36. Rxb4 Bxb4 37. e5 Nxd5 38. g3 h5 39. Rd1 Bc5+ 40. Kh1 Ne3 41. Rc1 Bd4 42. Rc6 Nf5 43. Kg2 Ne3+ 44. Kf2 Nf5+ 45. Kg2 Ne3+ 46. Kf2 Nf5+ 47. Kg2 Ne3+ {Accuracy: White = 65%, Black = 54%.} 1/2-1/2

[Event "5th Vardaris Open 2019"]
[Site "Thessaloniki"]
[Date "2019.03.10"]
[Round "6.10"]
[White "Triantos, Konstantinos"]
[Black "Drazic, Sinisa"]
[Result "0-1"]
[WhiteElo "2062"]
[BlackElo "2370"]
[Annotator "TA"]
[PlyCount "88"]
[EventDate "2019.02.27"]
[EventType "swiss"]
[EventCountry "GRE"]
[SourceTitle "playchess.com"]
[Source "ChessBase"]
[SourceQuality "1"]

{[%evp 9,88,-19,-19,-19,55,-13,19,0,10,4,7,0,12,-9,0,-2,0,-9,-11,-9,0,-32,-23,-24,-19,-110,-91,-139,-140,-130,-127,-173,-171,-180,-171,-190,-177,-183,-178,-153,-168,-165,-161,-206,-168,-183,-129,-220,-225,-366,-197,-204,-172,-172,-132,-220,-218,-227,-229,-252,-229,-258,-83,-266,-250,-239,-230,-225,-227,-539,-531,-514,-495,-2144,-2127,-29965,-5129,-5122,-5122,-5114,-5081]} 1. e4 g6 2. d4 Nf6 3. Nc3 d5 4. e5 Ne4 5. Bd3 Nxc3 6. bxc3 {B06: Modern Defence} Nc6 $146 (6... c5 $11) ({Predecessor:} 6... c5 7. h4 c4 8. Be2 Qa5 9. Bd2 h5 10. Nh3 Bf5 11. Nf4 e6 {0-1 (44) Lobanov,S (2526)-Gareyev,T (2569) St Petersburg 2018}) 7. f4 (7. h4 $14) 7... Bf5 8. Nf3 {The position is equal.} Qd7 9. O-O e6 10. Be3 Na5 11. Rb1 a6 12. Nd2 Qc6 13. g4 Bxd3 14. cxd3 Qxc3 15. Nb3 Nxb3 16. Rxb3 Qc6 17. Qc1 (17. Rf2 $11) 17... Qxc1 $17 18. Bxc1 b5 19. Ba3 Kd7 20. f5 gxf5 {aiming for ...Bxa3.} 21. gxf5 Rg8+ 22. Kh1 Bxa3 23. Rxa3 $19 {[%mdl 4096] Endgame KRR-KRR} Rg4 24. fxe6+ fxe6 25. Rf7+ Kc6 26. Rc3+ Kb6 27. Re7 Rg6 ({Resist} 27... Rxd4 28. Rexc7 Re8 29. R7c6+ Ka5 30. Kg2 $17) (27... Rc8 $19 28. Rxe6+ c6) 28. Rexc7 (28. Rcxc7 $17 {was necessary.} Rf8 29. Rb7+ Ka5 30. Rf7 Rxf7 31. Rxf7) 28... Rag8 $1 {[%csl Gg8][%cal Rg6g1]} 29. R3c6+ Ka5 {[%csl Gg8][%cal Rg6g1]} 30. Rc1 Rg4 31. Rxh7 Rxd4 32. Rh3 (32. Rh6 $17) 32... Rg5 33. Re3 Rf4 $1 34. Rg1 d4 35. Re2 Rxg1+ 36. Kxg1 {KR-KR} Kb4 $1 37. Rf2 Rg4+ 38. Rg2 {[#]} Rh4 $1 ({Weaker is} 38... Rxg2+ 39. Kxg2 Ka3 40. h4 $17) 39. Rg6 $2 {[#]} (39. Rc2) 39... Kc3 $1 40. Rxe6 Kxd3 41. Rxa6 (41. Kf2 $142 Rxh2+ 42. Kf3 Rxa2 43. Rd6) 41... Ke2 42. Kg2 d3 43. Rd6 Rg4+ 44. Kh3 Re4 {Accuracy: White = 35%, Black = 76%.} 0-1